000 00314nam a2200133Ia 4500
008 220530s9999 xx 000 0 und d
020 _a2953506265
040 _aeng
100 _aIGNOU
_960591
245 _aPROGRAMME GUIDE
250 _aFIRST
260 _aNAGPUR
_bIGNOU
_c2004
650 _aNURSING FOUNDATION
_960592
999 _c2188
_d2188